Společný dokument územního rozvoje států V4+2

Guardado en:
Detalles Bibliográficos
Formato: Libro
Lenguaje:checo
Publicado: Brno: Ústav územního rozvoje, 2010
Edición:1. vydanie
Materias:
Etiquetas: Agregar Etiqueta
Sin Etiquetas, Sea el primero en etiquetar este registro!

MARC

LEADER 00000nam a22000003a 4500
001 0065166
003 SK-STU
005 20180522104116.6
007 ta
008 180522s ----xo-----e------000-0-----d
020 |a 978-80-87318-10-2 
040 |a STU  |b slo 
041 0 |a cze 
044 |a xr 
245 1 0 |a Společný dokument územního rozvoje států V4+2 
250 |a 1. vydanie 
260 |a Brno:  |b Ústav územního rozvoje,  |c 2010 
300 |a 43 s. 
500 |a Mimoriadna príloha časopisu Urbanismus a územní rozvoj č. 3/2010 
650 0 7 |a urbanizmus a územné plánovanie 
650 0 7 |a územný rozvoj Európy 
650 0 7 |a priestorové plánovanie 
650 0 7 |a dokument 
996 |b 284AU07485  |c A* 10734/U  |l AAKNST  |s P  |a 0  |w 0065166_0001